00704nam a2200205Ia 4500003000400000008004100004020002300045040000800068100002100076245010200097260002800199300001500227365001200242901002100254902003500275903005800310942001200368952010100380999001700481LDD181029s9999 xx 000 0 und d a415701706cP 89.00 cLDD aCorey, Kenneth E 0aUrban and Regional Technology PlanningbPlanning Practice in the Global KnowledgcKenneth E Corey aLondonbRoutledgec2006 axiv, 268p. bP 89.00 a4804b15-12-2008 aIN13241b05-01-2009cFdOPe31 aDiscount-15bReqst by : Archana Singh  2ddccBK 00102ddc4070984031aLDDbLDDl0o303.4833 C812Up067365r2018-11-01v6245.13w2018-11-01yBK c84032d84032